Pokémon - Les attaques de Dialga - Statistiques

Statistiques générales
  • Ce quiz a été pris 31 fois
  • Le résultat moyen est 9 sur 13
Statistiques - réponses
Niveaux Types Noms des attaques % Correct
Niveau 88 Dragon Hurle-Temps
100%
Niveau 40 Dragon Draco-Griffe
86%
Départ Acier Griffe Acier
86%
Niveau 32 Acier Luminocanon
86%
Niveau 16 Roche Pouvoir Antique
86%
Niveau 8 Dragon Draco-Souffle
82%
Niveau 72 Sol Telluriforce
77%
Niveau 48 Combat Aurasphère
64%
Niveau 80 Acier Queue de Fer
50%
Niveau 56 Roche Rayon Gemme
45%
Niveau 64 Acier Fulmifer
41%
Départ Normal Grimace
41%
Niveau 24 Normal Tranche
32%
Aucun quiz correspondant
Distribution des résultats
% des personnes avec chaque résultat
Percentile par nombre de réponses
Votre historique - résultats
Vous n’avez pas pris ce quiz